| 000 | 01000nam0a22002891 4500 | ||
|---|---|---|---|
| 001 | rc\4085212 | ||
| 005 | 20201215125432.0 | ||
| 021 |
_aRU _b[50-252] |
||
| 035 | _a(NLR Aleph) 008128422 | ||
| 090 |
_a9408189 _c9408189 |
||
| 100 | _a20130415d1949 |||y0rusy50 ca | ||
| 101 | 0 | _arus | |
| 102 | _aRU | ||
| 105 | _aa z ||||| | ||
| 200 | 1 | _aТехнология литья под давлением | |
| 210 |
_aМосква _aЛенинград _cМашгиз. [Ленингр. отд-ние] _d1949 _g1-я тип. Машгиза в Л. |
||
| 215 |
_a308 с., 2 л. ил. _cил. _d23 |
||
| 300 | _aПеред загл. авт.: В.М. Пляцкий | ||
| 320 | _aБиблиогр.: с. 304 (12 назв.) | ||
| 606 |
_aЛитье под давлением _2psbo |
||
| 700 | 1 |
_aПляцкий _bВ. М. _f1888-1970 _gВладимир Михайлович |
|
| 801 | 0 |
_aRU _bNLR _gpsbo |
|
| 801 | 1 |
_aRU _bELAR _2rusmarc |
|
| 852 |
_aNLR _jТ36 Г-5/473 |
||
| 942 | _cBOOK | ||
| 980 | _aNB | ||